000 00362 a2200169 4500
001 73365
020 _a851602685X
040 _cAnchieta - Colégio São Paulo
100 _aGuelli, Neusa Sanchez
240 1 0 _aGeografia
_lpor
245 1 0 _aGeografia
300 _a135
362 0 _a2002
440 1 _aModerna
650 4 _aGeografia e viagens
942 _cBK
999 _c73365
_d73365